000 00426nam a2200157Ia 4500
008 210716s2008 xx 000 0 und d
020 _a9788126514649
041 _aeng
082 _a004.22 SADG
100 _aSadasivam, G Sudha.
245 _aDistributed component architecture.
250 _a1
260 _aNew Delhi
_bWiley India Pvt Ltd
_c2008
300 _axv,416/2015
650 _aComputer Architecture/Organization
999 _c197146
_d197146